000 00513nam a2200181Ia 4500
001 18284
005 20260306171619.0
008 260306s9999||||xx |||||||||||||| ||und||
041 _aESP
082 _a658.402
_bK469
100 _aKovacevic, Antonio
_eAUT
245 0 _aEl diamante de la excelencia organizacional:
_buna propuesta para mejorar la implementación de la estrategia
260 _c2014
300 _axvii, 267 páginas :
_c15 cm.
650 _aGEN
654 _aCAN
942 _cLIB
_dJUS
_fJUS
_2ddc
_n
999 _c18284
_d18284